Effectif Stade brestois 2009/2010 - Statistiques

Statistiques générales
  • Ce quiz a été pris 15 fois
  • Le résultat moyen est 9 sur 27
Statistiques - réponses
Hint Réponse % Correct
Attaquant Nolan Roux
92%
Gardien Steeve Elana
85%
Milieu Bruno Grougi
77%
Defenseur Omar Daf
62%
Milieu Benoît Lesoimier
54%
Defenseur Brahim Ferradj
54%
Milieu Oscar Ewolo
54%
Entraineur Alex Dupont
46%
Defenseur Moise Brou Apanga
46%
Milieu Romain Poyet
46%
Defenseur Ahmed Kantari
38%
Attaquant Richard Socrier
38%
Defenseur Grégory Lorenzi
31%
Milieu Mathias Autret
31%
Milieu David Bouard
23%
Defenseur Yvan Bourgis
23%
Defenseur Fabien Laurenti
15%
Milieu Éric Sitruk
15%
Milieu Yoann Bigné
15%
Defenseur Cédric Fabien
8%
Attaquant Basile De Carvalho
8%
Milieu Benjamin Leroy
8%
Defenseur Ousmane Coulibaly
8%
Defenseur Romain Thomas
8%
Gardien Simon Pontdemé
8%
Defenseur Théophile N'Tamé
8%
Attaquant Anrhony Le Gall
0%
Aucun quiz correspondant
Distribution des résultats
% des personnes avec chaque résultat
Percentile par nombre de réponses
Votre historique - résultats
Vous n’avez pas pris ce quiz